000 00543nam a22001337a 4500
008 090422t xxu||||| |||| 00| 0 eng d
050 _aBR140
_b.A45 2002
245 _aChurch history:
_bstudies in christianity and culture
260 _aNew York
_bAmerican society of church history
_c2002
300 _a685-946 p.;
_c23cm.
650 _2Church history
_vPeriodicals
942 _2lcc
_cPER
999 _c34471
_d34471